<?xml version="1.0" encoding="UTF-8"?>
<record
    xmlns:xsi="http://www.w3.org/2001/XMLSchema-instance"
    xsi:schemaLocation="http://www.loc.gov/MARC21/slim http://www.loc.gov/standards/marcxml/schema/MARC21slim.xsd"
    xmlns="http://www.loc.gov/MARC21/slim">

  <leader>01624nam a2200301   4500</leader>
  <controlfield tag="001">81</controlfield>
  <controlfield tag="003">OSt</controlfield>
  <controlfield tag="005">20250123134526.0</controlfield>
  <controlfield tag="008">250123b        |||||||e |||| 00| 0 eng d</controlfield>
  <datafield tag="020" ind1=" " ind2=" ">
    <subfield code="a">8525412228</subfield>
  </datafield>
  <datafield tag="040" ind1=" " ind2=" ">
    <subfield code="b">por</subfield>
  </datafield>
  <datafield tag="041" ind1=" " ind2=" ">
    <subfield code="h">eng</subfield>
    <subfield code="a">por</subfield>
  </datafield>
  <datafield tag="082" ind1=" " ind2=" ">
    <subfield code="a">813</subfield>
    <subfield code="b">B932n</subfield>
  </datafield>
  <datafield tag="100" ind1="1" ind2=" ">
    <subfield code="a">Bukowski, Charles,</subfield>
    <subfield code="d">1920-1994</subfield>
    <subfield code="9">192</subfield>
  </datafield>
  <datafield tag="240" ind1=" " ind2=" ">
    <subfield code="a">Hot Water Music</subfield>
  </datafield>
  <datafield tag="245" ind1=" " ind2=" ">
    <subfield code="a">Numa Fria /</subfield>
    <subfield code="c">Bukowski, Charles ; Tradu&#xE7;&#xE3;o de Marcos Santarrita</subfield>
  </datafield>
  <datafield tag="260" ind1=" " ind2=" ">
    <subfield code="a">Rio grande do Sul</subfield>
    <subfield code="b">L&amp;PM</subfield>
    <subfield code="c">2003</subfield>
  </datafield>
  <datafield tag="300" ind1=" " ind2=" ">
    <subfield code="a">246 p.</subfield>
  </datafield>
  <datafield tag="520" ind1=" " ind2=" ">
    <subfield code="a">Com seu estilo cru e minimalista caracter&#xED;stico, Charles Bukowski nos leva para um passeio pelo seu lado da cidade em Hot Water Music . Ele nos d&#xE1; pequenas vinhetas de deprava&#xE7;&#xE3;o e lasc&#xED;via, peda&#xE7;os pequenos do que &#xE9; belo e grotesco.

As hist&#xF3;rias em Hot Water Music correm pelas piores partes da cidade &#x2014; um quarto de motel fedendo a v&#xF4;mito, um apartamento decr&#xE9;pito que abriga um casal em constante discuss&#xE3;o, um bar atendido por um esqueleto &#x2014; e retratam as partes mais sombrias da exist&#xEA;ncia humana. Bukowski fala de forma simples e profunda sobre o lado negro da classe trabalhadora sem fazer julgamentos. 

Na maneira como escreve sobre sexo, relacionamentos, escrita e embriaguez, Bukowski define o padr&#xE3;o para a arte irreverente &#x2014; seu trabalho habita a parte mais vil da mente e o absurdo mais extremo do cotidiano.</subfield>
  </datafield>
  <datafield tag="650" ind1=" " ind2="0">
    <subfield code="a">Literatura Americana</subfield>
    <subfield code="9">84</subfield>
  </datafield>
  <datafield tag="650" ind1=" " ind2="0">
    <subfield code="a">Sombrio</subfield>
    <subfield code="9">178</subfield>
  </datafield>
  <datafield tag="650" ind1=" " ind2="0">
    <subfield code="a">Historias curtas </subfield>
    <subfield code="9">67</subfield>
  </datafield>
  <datafield tag="650" ind1=" " ind2="0">
    <subfield code="a">Humor</subfield>
    <subfield code="9">60</subfield>
  </datafield>
  <datafield tag="650" ind1=" " ind2="0">
    <subfield code="a">Cl&#xE1;ssicos</subfield>
    <subfield code="9">77</subfield>
  </datafield>
  <datafield tag="655" ind1=" " ind2="0">
    <subfield code="a">Conto</subfield>
    <subfield code="9">68</subfield>
  </datafield>
  <datafield tag="700" ind1=" " ind2=" ">
    <subfield code="a">Marcos Santarrita</subfield>
    <subfield code="e">Tradutor</subfield>
    <subfield code="9">193</subfield>
  </datafield>
  <datafield tag="942" ind1=" " ind2=" ">
    <subfield code="2">ddc</subfield>
    <subfield code="n">0</subfield>
    <subfield code="c">BK</subfield>
  </datafield>
  <datafield tag="952" ind1=" " ind2=" ">
    <subfield code="0">0</subfield>
    <subfield code="1">0</subfield>
    <subfield code="2">ddc</subfield>
    <subfield code="4">0</subfield>
    <subfield code="7">0</subfield>
    <subfield code="8">NFIC</subfield>
    <subfield code="a">BIBIB</subfield>
    <subfield code="b">BIBIB</subfield>
    <subfield code="c">LE</subfield>
    <subfield code="d">2008-09-10</subfield>
    <subfield code="e">doa&#xE7;&#xE3;o</subfield>
    <subfield code="l">0</subfield>
    <subfield code="o">813 / B932n</subfield>
    <subfield code="p">2025-13526</subfield>
    <subfield code="r">2025-01-23 08:06:13</subfield>
    <subfield code="w">2025-01-23</subfield>
    <subfield code="y">BK</subfield>
  </datafield>
  <datafield tag="999" ind1=" " ind2=" ">
    <subfield code="c">81</subfield>
    <subfield code="d">81</subfield>
  </datafield>
</record>
